000 00583nam a2200169 4500
008 020527s1983 ph engQU
090 0 _aDS666.M8
_bG74ma
100 1 _aGowing, Peter Gordon
245 1 0 _aMandate in moroland : the American government of Muslim Filipinos 1899-1920 / Gordon Gowing.
260 _aQuezon City :
_bNew Day,
_cc1983.
300 _a411 p. :
_bill.
650 4 _aMuslims
_xMissions.
651 4 _aHistory
_zPhilippines
_zMindanao.
651 4 _aMissions
_zPhilippines.
951 _p8328
_oDS666.M8/G74ma-2
_j070613111122406
_d2000-12-21
_cFIL
999 _c8666
_d8666